000 00742cam a22002411 4500
001 he 68003844
003 DLC
005 20260227111507.0
008 840613r19661911is 000 0 heb
010 _ahe 68003844
035 _a(OCoLC)19162865
040 _aDLC
_cMH
_dCU
_dDLC
042 _apremarc
050 0 0 _aDS135.R95
_bL48 1966
100 1 _aLilienblum, Moses Löb,
_d1843-1910.
245 1 0 _aḤaṭʼot neʻurim.
260 _a[Tel Aviv] :
_bUniversiṭat Tel Aviv, ha-Faḳulṭah le-madaʻe ha-ruaḥ, ha-Ḥug le-sifrut ʻIvrit,
_c727 [1966]
300 _a206-410 p. ;
_c24 cm.
500 _aCover title.
500 _aPhoto-offset of Krakow, 1911 or 1912 ed.
752 _aPoland
_dKraków
752 _aIsrael
_dTel Aviv
999 _c33994
_d33994